| 000 | 00663nam a22001697a 4500 | ||
|---|---|---|---|
| 003 | OSt | ||
| 005 | 20250819052153.0 | ||
| 008 | 250819b |||||||| |||| 00| 0 eng d | ||
| 020 | _a978-0-8129-7641-0 | ||
| 040 |
_aDWC-Main Lib. _cOC |
||
| 100 | _aREMNICK, DAVID | ||
| 245 |
_aSecret ingredients : the New York book of food and drink _bthe New York book of food and drink/ _cREMNICK, DAVID |
||
| 260 |
_aNew York : _bThe Modern Library, _cc2008. |
||
| 300 |
_avii, 582 pages : _billustrations ; _c23cm. |
||
| 650 | _a1. Gastronomy--literary collections. 2. Food--literary collections. 3. Food habits--literary collections. | ||
| 942 |
_2ddc _cBK-CIRC _hCirc. _n0 |
||
| 999 |
_c4064 _d4064 |
||